000 00827nam a2200241Ia 4500
003 OSt
005 20221005113212.0
006 a|||||r|||| 00| 0
007 ta
008 221004b |||||||| |||| 00| 0 pan d
020 _a9789380144108 (pbk)
_c290
024 _a106497
037 _b515, 02/02/2011, H.K. Prakashan
_cTextual
040 _aCRL
_cCRL
_bpan
041 _2pan
_apan
082 _aS0bT, 153P9
100 _aਆਗਿਆ ਜੀਤ ਸਿੰਘ
245 0 _aਸਿਖਿਆ ਮਨੋਵਿਗਿਆਨ ਦ। ਮੂਲ ਸਿਧਾਂਤ
260 _aਪਟਿਆਲਾ
_b21 ਸੈਨਚੂਰੀ ਭਾਰਤ
_c2009
300 _a540ਪੰ
_ccm.
942 _hS0bT, 153P9
_cTEXL
_2cc
999 _c1027371
_d1027371